000 01326cam a22003737a 4500
003 CHAP
005 20220329133059.0
008 971013s1990 r 00010 d
010 _a1921
011 _a2893
035 _a2093
040 _cCHAP
090 _aTesis
100 0 0 _aRodríguez Esguerra, J. David Moisés.
_998464
245 0 _aCaracterísticas de la progenie de plantaciones jóvenes de Pinus gregii Engelm. III. Etapa, evaluación dasométrica, calidad de pulpa y papel
260 _aChapingo, Méx. :
_bEl Autor,
_c1990
300 _a116 h
502 _aTesis (Ing. Forestal Esp. en Industrias Forestales) -- UACH. División de Ciencias Forestales
590 _aALEPH
_b10
_c20130110
_lUCH01
_h1210
590 _aBATCH-UPD
_b10
_c20130110
_lUCH01
_h0009
590 _aBATCH-UPD
_b10
_c20130110
_lUCH01
_h1053
590 _aBATCH-UPD
_b10
_c20130409
_lUCH01
_h1946
590 _aBATCH-UPD
_b10
_c20130410
_lUCH01
_h0649
590 _aBATCH-UPD
_b10
_c20130914
_lUCH01
_h0705
590 _aCONVERSION
_b10
_c20130109
_lUCH01
_h1302
650 1 4 _aBosques
_xValoración.
_914409
650 1 4 _aPapel.
_985368
650 1 4 _aPináceas
_xMejoramiento.
_988249
650 1 4 _aPinus greggii.
_988338
650 1 4 _aPulpa de madera.
_993003
901 _aBK
942 _cTESIS
949 _bBC
_cTES
_d-11591
_eTS1
_h23998
_i2093
_si
999 _c1921
_d1921